Efecto de la fecha de siembra y la fertilización N-P sobre el crecimiento vegetativo y reproductivo del girasol /

Guardado en:
Autor Principal: Kriger, Cristian Emanuel.
Autor Corporativo: Universidad Nacional del Sur. Departamento de Agronomía.
Otros Autores: Möckel, Federico Enrique, (tutor.)
Formato: Libro
Idioma:Spanish
Publicado: Bahía Blanca, 2009.
Etiquetas: Agregar Etiqueta
Sin Etiquetas, Sea el primero en etiquetar este registro!
LEADER 00763nam a22001695a 4500
001 EEA.libagro008244
005 20161031124834.0
008 130809s2009####ag#a##########000#0#spa#d
082 0 4 |a 633.85 
100 1 |a Kriger, Cristian Emanuel. 
245 1 0 |a Efecto de la fecha de siembra y la fertilización N-P sobre el crecimiento vegetativo y reproductivo del girasol /  |c Cristian Emanuel Kriger. 
260 |a Bahía Blanca,  |c 2009. 
300 |a 33 h. :  |b ilus. ;  |c 30 cm. 
502 |a Trabajo de intensificación (Ingeniero Agrónomo) -- Universidad Nacional del Sur. Departamento de Agronomía, 2009. 
700 1 |a Möckel, Federico Enrique,  |e tutor. 
710 2 |a Universidad Nacional del Sur.  |b Departamento de Agronomía. 
859 |a AR-BbBCA  |b BIB. AGRONOMIA  |h 633.85  |i K92  |p 2009/5633